| 000 | 00423nam a22001817a 4500 | ||
|---|---|---|---|
| 005 | 20260323152933.0 | ||
| 008 | 260323b |||||||| |||| 00| 0 eng d | ||
| 020 |
_a9789392798498 _c1895.00 |
||
| 040 | _aMAIN | ||
| 041 | _aEnglish | ||
| 082 |
_a539.7 _bDAS |
||
| 100 |
_aDas, Upamanyu _926547 |
||
| 245 | _aMolecular Physics | ||
| 260 |
_aNew Delhi _bSSDN _c2026 |
||
| 300 | _a256 | ||
| 650 | _aPhysics | ||
| 942 | _cBK | ||
| 999 |
_c60559 _d60559 |
||